| 000 | 00644nam a2200217 b 4500 | ||
|---|---|---|---|
| 003 | OSt | ||
| 005 | 20151015104454.0 | ||
| 008 | 070618s2007 sp | ||| ||spa | ||
| 020 | _a978-84-9838-082-8 | ||
| 040 | _cBMC | ||
| 082 | _a839.78083 | ||
| 100 | 1 |
_aFredriksson, Marianne _d1927-2007 _936594 |
|
| 245 | 1 | 3 |
_aLa vida con Jan _cMarianne Fredriksson ; traducido del sueco, Marina Torres Naveira |
| 250 | _a1ª ed | ||
| 260 |
_aBarcelona _bSalamandra _c2007 |
||
| 300 |
_a319 p. _c23 cm |
||
| 595 | _aTraducción de: Skilda Verkligheter | ||
| 650 | 2 | 4 |
_931351 _aNovela sueca |
| 700 | 1 |
_aTorres Naveira, Marina _936595 |
|
| 942 |
_2ddc _cBK |
||
| 999 |
_c22752 _d22752 |
||